| 000 | 00636nam a2200193Ia 4500 | ||
|---|---|---|---|
| 008 | 140609s9999 xx 000 0 und d | ||
| 020 | _a9780470684467 | ||
| 050 |
_aRM 301.5 _b.C863 2011 |
||
| 100 | _aCurry, Stephen H. | ||
| 245 |
_aDrug disposition and pharmacokinetics : _bfrom principles to applications / _cStephen H. Curry, Robin Whelpton |
||
| 260 |
_aChichester, West Sussex : _bWiley-Blackwell, _cc2011. |
||
| 300 |
_a365 p. : _bill. ; _c26 cm. |
||
| 500 | _aIncludes index. | ||
| 521 | _aNUR | ||
| 650 |
_aDrugs _xMetabolism. |
||
| 650 |
_aPharmaceutical preparations _xMetabolism. |
||
| 942 |
_kFOR _cBK |
||
| 999 |
_c118216 _d118216 |
||